000 00230 a2200097 4500
001 14309
100 _aBroughton, G
245 _aTeaching english as a foreign langu
260 _aLondon
_bRoutledge Kegan
_c
090 _c11219
_d11219
942 _aNUST-CAE
_cM
_c1358
999 _c249382
_d249382